Nguyễn Văn Nam

保存先:
書誌詳細
その他の著者: Lịch sử Đông Nam Á
フォーマット: 学位論文 図書
主題:
タグ: タグ追加
タグなし, このレコードへの初めてのタグを付けませんか!
Thư viện lưu trữ: Trung tâm Học liệu Lê Vũ Hùng, Trường Đại học Đồng Tháp
LEADER 00774pam a22002178a 4500
001 00000796
005 20171026081022.0
008 110323s2008 ||||||Viesd
020 |c 56000 
300 # # |a 483 tr.  |c 20 cm. 
502 # # |a Vie 
504 # # |a 959  |b T310H 
520 3 # |a Nguyễn Văn Nam  |e Biên soạn 
600 1 4 |a Tìm hiểu lịch sử các nước Đông Nam Á  |b Trước công nguyên đến thế kỷ XX  |c Nguyễn Văn Nam 
650 # 4 |a H.  |b Hà nội  |c 2008 
700 1 # |a Lịch sử  |a Đông Nam Á 
852 # # |b Kho mượn  |j KM.0003219 
852 # # |b Kho đọc  |j KD.0000819 
852 # # |j KM.0003219  |j KD.0000819 
910 |d 23/03/2011 
980 # # |a Trung tâm Học liệu Lê Vũ Hùng, Trường Đại học Đồng Tháp